| 000 | 00416cam a2200169ua 4500 | ||
|---|---|---|---|
| 020 | _c2.00 | ||
| 041 |
_amal _h |
||
| 082 |
_a894.81209 _bVAR/MA |
||
| 100 | _aVarier, P.A . | ||
| 245 |
_aMadhuparkam / _cP.A.Varier. _hTextual Documents |
||
| 260 |
_aTrissur : _bSahithya pracharaka co.op. society Ltd , _c19958. |
||
| 300 | _a159 ; . | ||
| 365 | _a2.00 | ||
| 504 | _a | ||
| 942 | _cBK | ||
| 999 |
_c1138 _d1138 |
||